000 00595nam a2200145 a 4500
001 000003048
005 20250217091458.0
008 090706s2008 dr a 000 0 spa d
040 _aDO-SdBNP
_bspa
_cBNPHU
110 _aRepública Dominicana.
_bComisión Nacional de Pastoral Familiar
_99640
245 1 0 _aAsambleas familiares :
_bfamilia unida. Fuente de vida /
_cpresentación Nicolás de Jesús López Rodríguez.
260 _aSanto Domingo, :
_bComisión Nacional de Pastoral Familiar,
_c2008.
300 _a24 p. :
_bil. ;
_c21 cm.
700 1 _a López Rodríguez, Nicolás de Jesús,
_d1936-
_9670
999 _c2879
_d2879